ジェットスター・ジャパン就航空港 - Statistics

General Stats
  • This quiz has been taken 76 times
  • The average score is 17 of 20
Answer Stats
Hint Answer % Correct
関東 成田
98%
関西 関西
98%
北海道 新千歳
96%
東海・北陸 中部
96%
四国 高知
96%
四国 高松
96%
四国 松山
96%
九州・沖縄 福岡
96%
九州・沖縄 長崎
96%
九州・沖縄 那覇
96%
九州・沖縄 熊本
94%
九州・沖縄 鹿児島
94%
九州・沖縄 大分
91%
九州・沖縄 宮崎
91%
北海道 旭川
87%
九州・沖縄 宮古/下地島
87%
東海・北陸 新潟
85%
海外 上海浦東
68%
海外 マニラ
36%
海外 台北桃園
23%
No matching quizzes found
Score Distribution
Percent of People with Each Score
Percentile by Number Answered
Your Score History
You have not taken this quiz